000 00796nam a2200253 i 4500
001 bg
100 1 _aZIĘTEK, Bernard
245 1 0 _aOptoelektronika /
_cBernard Ziętek ; Uniwersytet Mikołaja Kopernika.
250 _aWyd. 2 rozsz. i popr.
260 _aToruń :
_bWydaw. UMK,
_c2005.
300 _aXI, 566 s. :
_bfot., rys., tab., wykr. ;
_c24 cm.
504 _aBibliogr. przy rozdz. Indeks.
650 9 _aOptoelektronika
655 _aPodręczniki akademickie
015 _aPB 12734/2004
020 _a8323119058
040 _cBPK
041 0 _apol
080 _a621.38:535.8](075.8)
920 _a83-231-1905-8
942 _cKS
008 s pl f |000 0 pol
999 _c51694
_d51694
856 _uhttp://koha.tu.koszalin.pl/cgi-bin/koha/opac-detail.pl?biblionumber=51694
_yKatalog online BPK